000 00461nam a2200145Ia 4500
008 231129s1994||||xx |||||||||||||| ||spa||
020 _a950-15-1396-3
040 _bspa
082 _a306.8753 H252m
100 _aHapworth Mada
245 0 _aMama te queria mas a ti: ¿Por qué entre hermanos se da la mayor solidaridad y también la mayor rivalidad?
260 _c1994
264 _aJavier Vergara
942 _2ddc
_cBKS
999 _c20260
_d20260